00274nam a22001097a 4500020001500000082001700015100002600032245003400058260004200092300000800134650002200142 a8172318180 a297.1227 ABD aAbdul Rahim, Mohammad aSimilitudes in the Holy Quran aNew DelhibIslamic Book Servicec2008 a195 aQuran-Hermanutics